| 000 | 00797nam a22002297a 4500 | ||
|---|---|---|---|
| 001 | 74619 | ||
| 003 | BD-RjUL | ||
| 005 | 20211209082559.0 | ||
| 008 | 181104s1974 bg ||||| |||| 00| 0 ben d | ||
| 035 | _a(BD-RjUL)74837 | ||
| 040 |
_aBD-RjUL _bben _cBD-RjUL |
||
| 041 | _aben | ||
| 082 |
_223 _a297 _bKAI 1974 |
||
| 100 |
_aকবীর, মফীজুল্লাহ _9117342 |
||
| 245 | 1 | 0 |
_aইসলাম ও খিলাফত / _cমফীজুল্লাহ কবীর |
| 260 |
_aঢাকা : _bনওরোজ কিতাবস্থান, _c১৯৭৪ |
||
| 300 |
_a৪৩৬,১৯ পৃ. ; _c২১ সেমি. |
||
| 500 | _aনির্ঘন্ট সম্বলিত | ||
| 650 |
_aইসলাম _9136088 |
||
| 650 |
_aIslam _9136089 |
||
| 942 |
_2ddc _cBK |
||
| 999 |
_c74619 _d74619 |
||